000 00273nam a22001217a 4500
008 171005b xxu||||| |||| 00| 0 eng d
041 _aeng
080 _a159.9
100 _a48
101 _aPSI
245 _aMCGRAW-HILL SERIES IN PSYCHOLOGY
_cSIEGEL, S
942 _2udc
_cBK
999 _c31889
_d31889